| 000 | 00553nam a2200229Ia 4500 | ||
|---|---|---|---|
| 003 | OSt | ||
| 005 | 20230509152027.0 | ||
| 008 | 210210b2007 xxu||||| |||| 00| 0 eng d | ||
| 020 | _a9780716767640 | ||
| 040 | _cAL | ||
| 041 | _aeng | ||
| 082 | _a616.079 KINK | ||
| 100 |
_aKINDT (Thomas J) _9101412 |
||
| 245 | _aKuby immunology | ||
| 250 | _a6 | ||
| 260 |
_aNew York _bW H Freeman and Company _c2007 |
||
| 300 | _axxii,574+97 | ||
| 690 |
_aImmunology _9101417 |
||
| 700 |
_aGOLDSBY (Richard A) _9101418 |
||
| 906 | _a064716 | ||
| 942 |
_2ddc _cBK |
||
| 999 |
_c141605 _d141605 |
||